三國志14 政治トップ - Statistics

General Stats
  • This quiz has been taken 9 times
  • The average score is 17 of 51
Answer Stats
数値 人名 % Correct
99 荀彧
100%
97 諸葛亮
100%
94 曹操
100%
93 蒋琬
100%
92 費禕
100%
88 荀攸
100%
97 張昭
80%
89 沮授
80%
89 孫権
80%
87 田豊
80%
96 陳羣
60%
95 張紘
60%
92 司馬懿
60%
92 魯粛
60%
88 陸遜
60%
86 周瑜
60%
86 曹丕
60%
91 馬良
40%
90 司馬昭
40%
89 諸葛瑾
40%
88 蒯越
40%
85 龐統
40%
85 陸抗
40%
91 董允
20%
90 顧雍
20%
90 士燮
20%
86 歩隲
20%
85 賈詡
20%
85 盧植
20%
92 夏侯玄
0%
91 鍾繇
0%
88 張華
0%
88 張既
0%
87 韓浩
0%
87 鄭渾
0%
87 董和
0%
87 杜畿
0%
87 羊祜
0%
87 劉馥
0%
87 梁習
0%
86 伊籍
0%
86 衛瓘
0%
86 温恢
0%
86 闞沢
0%
86 国淵
0%
86 司馬芝
0%
85 賈逵
0%
85 賈充
0%
85 高堂隆
0%
85 鄧芝
0%
85 陸凱
0%
No matching quizzes found
Score Distribution
Percent of People with Each Score
Percentile by Number Answered
Your Score History
You have not taken this quiz